|
|
|
|
| LEADER |
03689nam a22003973i 4500 |
| 001 |
EBC6357870 |
| 003 |
MiAaPQ |
| 005 |
20231204023215.0 |
| 006 |
m o d | |
| 007 |
cr cnu|||||||| |
| 008 |
231204s2020 xx o ||||0 ger d |
| 020 |
|
|
|a 9783110683103
|q (electronic bk.)
|
| 035 |
|
|
|a (MiAaPQ)EBC6357870
|
| 035 |
|
|
|a (Au-PeEL)EBL6357870
|
| 035 |
|
|
|a (OCoLC)1198931331
|
| 040 |
|
|
|a MiAaPQ
|b eng
|e rda
|e pn
|c MiAaPQ
|d MiAaPQ
|
| 100 |
1 |
|
|a Farrenkopf, Michael.
|
| 245 |
1 |
0 |
|a Authentizität und Industriekulturelles Erbe :
|b Zugänge und Beispiele.
|
| 250 |
|
|
|a 1st ed.
|
| 264 |
|
1 |
|a Berlin/München/Boston :
|b Walter de Gruyter GmbH,
|c 2020.
|
| 264 |
|
4 |
|c {copy}2020.
|
| 300 |
|
|
|a 1 online resource (406 pages)
|
| 336 |
|
|
|a text
|b txt
|2 rdacontent
|
| 337 |
|
|
|a computer
|b c
|2 rdamedia
|
| 338 |
|
|
|a online resource
|b cr
|2 rdacarrier
|
| 490 |
1 |
|
|a Veröffentlichungen Aus Dem Deutschen Bergbau-Museum Bochum Series ;
|v v.238
|
| 505 |
0 |
|
|a Intro -- Inhalt -- Vorwort -- Einleitung -- Methoden und Perspektiven -- Grenzziehung - Grenzen und das ‚Authentische' -- Städtebauliche Identität, Authentizität und Konversion historischer Industriekomplexe -- Bitte in Farbe - Authentisierung durch Kolorierung -- „Lost Places"-Fotografie. Industriekultur zwischen „Authentizität" und Inszenierung -- Performing Heritage - Urban Exploration und Rust Belt Chic als jüngere Phänomene einer authentischen Industriekultur im amerikanischen Rust Belt? -- A landscape of home and a landscape of viewing: Simultaneous realities in the post-industrial situation -- Aspekte & -- amp -- Ausprägungen -- Authentisierungsprozesse in der Museumspraxis: Mechanismen, Zusammenhänge, Konsequenzen -- Zwischen Authentizität und Inszenierung: Oral History und die Zeitzeugenschaft des Ruhrbergbaus -- Von der „Industriegeschichte" zur „Heimat Ruhrgebiet" Authentizitätsdiskurse am Beispiel der sechs Geschichtswettbewerbe des „Forum Geschichtskultur an Ruhr und Emscher" zwischen 1991 und 2014 -- „Authentische Symbole der Region" Zur Transformation des Ruhrgebiets von einer Industrielandschaft zur ‚Kulturlandschaft neuen Typs' anhand der Route der Industriekultur -- Altlast oder Chance? Das industriekulturelle Erbe der Habsburger Monarchie -- Unzeigbare Authentizität. Zu einigen Problemen im Umgang mit dem industriellen Erbe im sächsischen Vogtland -- Der Authentizitätsbegriff in der Technischen Denkmalpflege der Deutschen Demokratischen Republik -- Authentizität im Kontext der Baudenkmalpflege und Industriekultur, beispielhaft dargestellt anhand ausgesuchter Denkmale des rheinisch-westfälischen Steinkohlenreviers -- Authentische Orte der Industriekultur zwischen Bespielung und Vergessen - das Weltkulturerbe im Harz.
|
| 505 |
8 |
|
|a Authentische Räume im Kontext des UNESCO-Welterbes - die Montanregion Erzgebirge/Krušnohoří als Welterbe-Kulturlandschaft -- Anhang -- Abbildungsnachweis -- Die Autorinnen und Autoren.
|
| 588 |
|
|
|a Description based on publisher supplied metadata and other sources.
|
| 590 |
|
|
|a Electronic reproduction. Ann Arbor, Michigan : ProQuest Ebook Central, 2023. Available via World Wide Web. Access may be limited to ProQuest Ebook Central affiliated libraries.
|
| 655 |
|
4 |
|a Electronic books.
|
| 700 |
1 |
|
|a Meyer, Torsten.
|
| 776 |
0 |
8 |
|i Print version:
|a Farrenkopf, Michael
|t Authentizität und Industriekulturelles Erbe
|d Berlin/München/Boston : Walter de Gruyter GmbH,c2020
|
| 797 |
2 |
|
|a ProQuest (Firm)
|
| 830 |
|
0 |
|a Veröffentlichungen Aus Dem Deutschen Bergbau-Museum Bochum Series
|
| 856 |
4 |
0 |
|u https://ebookcentral.proquest.com/lib/matrademy/detail.action?docID=6357870
|z Click to View
|